| 000 | 00533nam a2200169 a 4500 | ||
|---|---|---|---|
| 001 | 000023085 | ||
| 005 | 20200930021958.0 | ||
| 008 | 101126s1978 fr r 000 0 spa d | ||
| 040 |
_aDO-SdBNP _bspa _cBNPHU |
||
| 082 |
_axxxxx _bA396s |
||
| 245 | 0 | 0 | _aAlgunas sugestiones sobre la enseñanza acerca de los derechos humanos. |
| 250 | _a2a. ed. | ||
| 260 |
_aParís : _bUNESCO, _c1978. |
||
| 300 |
_a165 p. ; _c20 cm. |
||
| 590 | _aInventariado, 2019/VM | ||
| 500 | _aIncluye referencias bibliográficas y notas al pie de las páginas. | ||
| 999 |
_c22582 _d22582 |
||